Österreichische Bundesliga - Statistiken

Allgemein
  • Dieses Quiz wurde 28 mal gespielt
  • Das Durchschnittsergebnis liegt bei 10 aus 12
Antwortstatistiken
Antwort % Korrekt
Rapid Wien
96%
Austria Wien
92%
RedBull Salzburg
92%
Sturm Graz
92%
Blau Weiss Linz
88%
LASK
88%
WSG Tirol
80%
TSV Hartberg
76%
SCR Altach
72%
Austria Klagenfurt
68%
Wolfsberger AC
64%
Grazer AK
60%
Keine übereinstimmenden Quizze gefunden
Verteilung der Resultate
Anzahl Personen mit jedem Resultat
Perzentil nach korrekt beantworteten Fragen
Ihre Resultats-Entwicklung
Sie haben dieses Quiz noch nicht gespielt